Doctor Faustus collection of Critical Essays (Record no. 24549)
[ view plain ]
| 000 -LEADER | |
|---|---|
| fixed length control field | 00427nam a2200169Ia 4500 |
| 100 ## - MAIN ENTRY--AUTHOR NAME | |
| Personal name | "Farnham, Willar D" |
| 245 #0 - TITLE STATEMENT | |
| Title | Doctor Faustus collection of Critical Essays |
| 250 ## - EDITION STATEMENT | |
| Edition statement | \\196900ENGGPSX |
| 260 ## - PUBLICATION, DISTRIBUTION, ETC. (IMPRINT) | |
| Place of publication | Prentice Hall |
| 260 ## - PUBLICATION, DISTRIBUTION, ETC. (IMPRINT) | |
| Name of publisher | 1969 |
| 260 ## - PUBLICATION, DISTRIBUTION, ETC. (IMPRINT) | |
| Year of publication | London |
| 300 ## - PHYSICAL DESCRIPTION | |
| Number of Pages | vi+120p |
| 500 ## - GENERAL NOTE | |
| General note | includes index and biblioraphy |
| 942 ## - ADDED ENTRY ELEMENTS (KOHA) | |
| Koha item type | Books |
| Withdrawn status | Lost status | Home library | Current library | Shelving location | Date acquired | Full call number | Accession Number | Koha item type |
|---|---|---|---|---|---|---|---|---|
| PSG-CAS LIBRARY | PSG-CAS LIBRARY | AW ROW 3 RACK 59 SHELF 6 | 24/04/2018 | 822.3D F1 | 29602 | Books |